000 00398nam a2200133Ia 4500
008 100328s9999 xx 000 0 und d
082 _b19846
100 _aपरांजपे अशोक
245 _aरक्ताची तहान
260 _bडिव्हाईन
630 _aरक्ताची तहान
730 _aरक्ताची तहान
942 _cBOOK
999 _c514094
_d514091